| 000 | 00536nam a22001937a 4500 | ||
|---|---|---|---|
| 003 | KOHA_MİRAKIL | ||
| 005 | 20251201071414.0 | ||
| 008 | 251201b tu ||||| |||| 00| 0 tur d | ||
| 020 | _a9786057250506 | ||
| 040 |
_aTR-AnABB _btur _cTR-AnABB |
||
| 041 | _atur | ||
| 082 |
_a340.122 _bCHR 2023 |
||
| 100 | 1 | _aChristensen, Ralph, | |
| 245 | 1 | 0 |
_aYargısal gerekçelendirme teorisi / _cRalph Christensen |
| 260 |
_aAnkara : _bYetkin Basımevi, _c2023 |
||
| 300 |
_a670 sayfa ; _c24 cm |
||
| 650 | 0 | 4 | _aHukuk |
| 942 |
_2ddc _cBK |
||
| 999 |
_c9674 _d9674 |
||
| 900 | _bGizem YORULMAZ | ||